Регионална библиотека "Любен Каравелов" - Русе

Хрестоматия для пения. Сцены из оперетт советских композиторов (Запис номер 352701)

MARC детайли
000 -Лидер
Контролно поле с фиксирана дължина ncm a22 a 4500
003 - Код на организацията, давaща контролен номер
Контролно поле BLK
005 - Дата и час на последна редакция
Контролно поле 20200408165023.0
008 - Елементи от данни с фиксирана дължина
fixed length control field 200401b bu ||||| |||| 00| 0 bu d
040 ## - Източник на каталожния запис
Идентификатор на билиотеката - собственик на записа BLK
041 ## - Код за език
Код за езика на текст/звукозапис или на отделно заглавие Руски
Код за езика КДБФ Руски
080 ## - УДК
Текстов определител УДК Камерна вок. муз. Песни, балади, арии, романси
УДК код - определител по УДК 784.3
УДК - код + определител 784.3
080 ## - УДК
Текстов определител УДК Сопран
УДК код - определител по УДК 78.087.612.1
УДК определител 78.087.612.1
139 ## - Редно поле
Редна дума Хрестоматия для пения
Авторски знак Хре - Х 75
245 ## - Сведения за заглавието
Заглавие Хрестоматия для пения. Сцены из оперетт советских композиторов
Подзаглавни данни Для пения с фортепиано: ІІІ- ІV курсы отделений актеров музикальной комедии театральных и музыкальных вузов
Том Вып.2
260 ## - Област на издателските данни
9 (RLIN) 402764
Място на издаване, разпространение и проч. Москва
Име на издателя, разпространителя и проч. Музыка
Година на издаване 1977
300 ## - Физическа характеристика
Размери/Мащаб 29 см
Страници 150 с.
380 ## - Жанр
Жанр Изкуство
650 #7 - Допълнително описание по предмет – тема
9 (RLIN) 169936
Основно описание – тема или топоним Руска музика, вокална - соло пеене
653 #7 - Ключова дума – ненормативна
9 (RLIN) 195905
Ключова дума руски песни
700 ## - Други автори (авторска отговорност)
Лично име В.Уткин
Автороска отговорност (Описва отношението между автора и произведението) сост.
9 (RLIN) 404092
760 ## - Описание на основната серия
Страници - том 128 с.
Част - том Вып. 1
852 ## - Местоположение
Форматна сигнатура М ІІ 7713
Фондова буква Отдел Изкуство - подръчен фонд
Систематично-азбучна сигнатура 784.3/Х 75
999 ## - СИСТЕМНИ КОНТРОЛНИ НОМЕРА
Koha biblionumber 352701
Koha biblioitemnumber 352701
942 ## - АРТИКУЛИ
Вид на библиотечния материал Нотни издания
Скрит в OPAC Не
Периодичен библиозапис Да
944 ## - СЪЗДАВАНЕ И РЕДАКЦИЯ на ЗАПИСА
Създаване/Редакция Създаване
Дата на регистрацията/редакция 2020-04-08
Статус, дата на статуса 2020-04-08
999 ## - СИСТЕМНИ КОНТРОЛНИ НОМЕРА
Koha biblioitemnumber 352420
999 ## - СИСТЕМНИ КОНТРОЛНИ НОМЕРА
Koha biblioitemnumber 351312
999 ## - СИСТЕМНИ КОНТРОЛНИ НОМЕРА
Koha biblioitemnumber 351312
999 ## - СИСТЕМНИ КОНТРОЛНИ НОМЕРА
Koha biblioitemnumber 351312
999 ## - СИСТЕМНИ КОНТРОЛНИ НОМЕРА
Koha biblioitemnumber 350491
Наличности
Код за отписване Код за изгубен артикул Източник на класификационната схема Код за повреда Коз за рестрикции Код за отдаване Артикулен № Име на библиотеката - собственик Име на библиотеката, в която се намира в момента Статус (Текущо местоположение) Дата на вписване в системата Местоположение - отдел Цена в лева Инвентарен номер Систематично азбучна сигнатура Баркод Цена в евро Служебен тип на артикула
  Не е изгубен Universal Decimal Classification Не е повреден без рестрикции заемане за дома 760318 Регионална библиотека "Любен Каравелов" Русе Регионална библиотека "Любен Каравелов" Русе Отдел Изкуство - подръчен фонд 2020-04-10 Отдел Изкуство - подръчен фонд 1.52 294102 784/Х 75 120000294102 0.78 Нотни издания
Изтеглен Не е изгубен Universal Decimal Classification Не е повреден без рестрикции заемане за дома 760319 Регионална библиотека "Любен Каравелов" Русе Регионална библиотека "Любен Каравелов" Русе Отдел Изкуство - подръчен фонд 2020-04-10 Отдел Изкуство - подръчен фонд 1.52 294103 784/Х 75 120000294103 0.78 Нотни издания
Vip Innovations Ltd, Rousse, Bulgaria 2025